000 00351cam a22001337a 4500
008 180718b1989 xxu||||| |||| 00| 0 eng d
082 _aP4x54 M294
100 _aMali, M.G.
245 _aEducation of masses in India
_cby M.G. Mali
260 _aDelhi
_bMittal
_c1989
300 _a179p.
650 _a(Written off)
650 _aEducation, Rural - India
999 _c348678
_d348678